Hoofdsteden van Azië - Sprint van Één Minuut - Statistieken

Algemene statistieken
  • Deze quiz is 268 keer genomen
  • De gemiddelde score is 16 van 48
Antwoorden op de kaart
Antwoorden kleurgecodeerd door een groen-rode schaal op de quizkaart volgens % correct hieronder.
 
Antwoordstatistieken
Land % Correct
Peking
78%
Tokio
72%
New Delhi
71%
Ankara
67%
Seoel
60%
Jakarta
59%
Riyad
55%
Singapore
43%
Astana
42%
Bagdad
42%
Jeruzalem
42%
Teheran
42%
Ulaanbaatar
42%
Bangkok
41%
Doha
40%
Sanaa
40%
Abu Dhabi
39%
Islamabad
37%
Kuala Lumpur
36%
Manilla
35%
Pyongyang
35%
Damascus
34%
Hanoi
33%
Kabul
32%
Masqat
31%
Jerevan
30%
Amman
29%
Bakoe
29%
Kathmandu
27%
Koeweit
26%
Beiroet
24%
Tbilisi
24%
Dhaka
23%
Manamah
23%
Vientiane
23%
Bisjkek
22%
Tasjkent
22%
Malé
21%
Taipei
21%
Nicosia
20%
Sri Jayewardenapura Kotte
19%
Dili
18%
Doesjanbe
18%
Phnom Penh
16%
Bandar Seri Begawan
13%
Thimphu
12%
Asjchabad
11%
Naypyidaw
10%
Geen overeenkomende quizzen gevonden
Scoreverdeling
Procent van Mensen met Elke Score
Percentiel versus Aantal Correcte Antwoorden
Uw Scoregeschiedenis
U heeft deze quiz nog niet genomen